000
00215nam a2200097Ia 4500
008
240331s9999 xx 000 0 und d
082
_b
RAN
100
_a
Ranaweera, E
245
0
_a
Ending with the beginning
942
_c
L
999
_c
4348
_d
4348